000 00947nam a2200217 i 4500
001 186580
003 SpMaBN
005 20230906222711.0
008 161201s2015 sp |||| | spa d
080 _a821.134.2-32"19"
100 1 _aGavilanes, Emilio.
_9137539
245 1 0 _aArs narrativa
_b; seguido de Nacido en siete ciudades ; y otros relatos pertenecientes a "Historia secreta del mundo" /
_cEmilio Gavilanes.
246 3 4 _iTít. de la carpeta
_aHistoria secreta del mundo
_b: Ediciones de la Discreta
246 1 0 _aNacido en siete ciudades
246 1 0 _aOtros relatos pertenecientes a "Historia secreta del mundo"
260 _aMolina de Segura (Murcia) :
_bConcejalía de Cultura,
_c[2015]
300 _a1 carpeta ([12] p.) ;
_c21 cm.
586 _aXII Premio Setenil 2015 al mejor libro de relatos publicado en España
710 1 _aMolina de Segura.
_bConcejalía de Cultura y Festejos.
_9149745
852 _aES-MaACL
_j2333-F-20
999 _c186580
_d186580